000 00434nam a2200157Ia 4500
008 240729s9999 xx 000 0 und d
022 _a2069-6108
245 0 _aRomanian Journal of Medical Practice
260 _aRomania
260 _bAmaltea Medical Publishing House
650 _a Medicine (General)
650 _aMedicine
856 _uhttps://doaj.org/toc/6cc42ad507fe417787a951eb93194cd6
942 _2ddc
942 _cDOAJEJ
999 _c67079
_d67079
945 _a1
_bMadushi Gamage
_c1
_dMadushi Gamage